[Event "Niederoesterreich Landesliga 1819"]
[Site "Austria"]
[Date "2018.12.09"]
[Round "6.3"]
[White "Ayatollahi, Ehsan"]
[Black "Zwettler, Martin"]
[Result "0-1"]
[WhiteElo "1926"]
[BlackElo "2218"]
[PlyCount "74"]
[EventDate "2018.09.30"]
[EventType "team-tourn"]
[EventRounds "11"]
[EventCountry "AUT"]
[SourceTitle "CBM 189 Extra"]
[Source "ChessBase"]
[SourceDate "2019.06.03"]
[SourceVersion "1"]
[SourceVersionDate "2019.06.03"]
[SourceQuality "1"]
[WhiteTeam "Bisamberg/Korneuburg"]
[BlackTeam "Zwettl"]
[WhiteTeamCountry "AUT"]
[BlackTeamCountry "AUT"]

1. d4 e6 2. c4 b6 3. Nf3 Bb7 4. Nc3 Bb4 5. Bd2 f5 6. a3 Bxc3 7. Bxc3 Nf6 8. e3 0-0 9. Bd3 d6 10. 0-0 Nbd7 11. Nd2 Qe8 12. f3 Qh5 13. e4 f4 14. b4 e5 15. d5 Kh8 16. Rf2 Qe8 17. Nb3 Qe7 18. Bf1 g5 19. g4 fxg3 20. hxg3 g4 21. Rh2 gxf3 22. Qd3 Qg7 23. Be1 Ng4 24. Rc2 Qh6 25. Raa2 Rf6 26. Rh2 Nxh2 27. Rxh2 Qg7 28. Bh3 Nf8 29. Nd2 Bc8 30. Bf5 Bxf5 31. exf5 Qg5 32. Ne4 Qxf5 33. Bd2 Rg6 34. Kf2 Nd7 35. Qxf3 Rf8 36. Qxf5 Rxf5+ 37. Kg2 Nf6 0-1

[Event "Niederoesterreich Landesliga 1718"]
[Site "Austria"]
[Date "2018.03.18"]
[Round "10.3"]
[White "Zwettler, Martin"]
[Black "Ebner, Johann"]
[Result "1-0"]
[WhiteElo "2224"]
[BlackElo "2074"]
[PlyCount "69"]
[EventDate "2017.10.01"]
[EventType "team-tourn"]
[EventRounds "11"]
[EventCountry "AUT"]
[SourceTitle "EXT 2019"]
[Source "ChessBase"]
[SourceDate "2018.10.10"]
[SourceVersion "1"]
[SourceVersionDate "2018.10.10"]
[SourceQuality "1"]
[WhiteTeam "Zwettl"]
[BlackTeam "Boehlerwerk"]
[WhiteTeamCountry "AUT"]
[BlackTeamCountry "AUT"]

1. d4 e6 2. Bf4 Nf6 3. e3 d5 4. c3 c5 5. Nd2 Nc6 6. Bd3 Bd6 7. Bxd6 Qxd6 8. f4 cxd4 9. cxd4 0-0 10. Ngf3 Ng4 11. Qe2 f5 12. 0-0 Nf6 13. Ne5 Ne4 14. Nxc6 Qxc6 15. Rfc1 Qd6 16. Bxe4 fxe4 17. Qb5 Qd8 18. Nf1 Rf7 19. Rc3 a6 20. Qc5 Bd7 21. Qd6 Qe8 22. Rac1 Rc8 23. Rxc8 Bxc8 24. Qb6 Rf8 25. Ng3 g6 26. Nh1 Qd8 27. Qc7 Qd7 28. Nf2 h5 29. Nh3 b5 30. Ng5 Re8 31. b4 Qg7 32. Qxg7+ Kxg7 33. Rc7+ Kg8 34. Nh7 Rd8 35. Kf2 1-0

[Event "Niederoesterreich Landesliga 1718"]
[Site "Austria"]
[Date "2017.11.26"]
[Round "5.4"]
[White "Zwettler, Martin"]
[Black "Vrana, Frantisek"]
[Result "1-0"]
[WhiteElo "2224"]
[BlackElo "2253"]
[PlyCount "109"]
[EventDate "2017.10.01"]
[EventType "team-tourn"]
[EventRounds "11"]
[EventCountry "AUT"]
[SourceTitle "EXT 2019"]
[Source "ChessBase"]
[SourceDate "2018.10.10"]
[SourceVersion "1"]
[SourceVersionDate "2018.10.10"]
[SourceQuality "1"]
[WhiteTeam "Zwettl"]
[BlackTeam "Mistelbach"]
[WhiteTeamCountry "AUT"]
[BlackTeamCountry "AUT"]

1. c4 f5 2. g3 Nf6 3. Bg2 g6 4. Nc3 Bg7 5. d3 Nc6 6. e4 d6 7. Nge2 0-0 8. 0-0 e5 9. Nd5 Nd4 10. Nxd4 exd4 11. exf5 gxf5 12. Re1 c6 13. Nxf6+ Qxf6 14. Bf4 Bh6 15. Qd2 Bxf4 16. Qxf4 Bd7 17. Bf3 Rae8 18. Bh5 Re5 19. b4 Be8 20. Bf3 Bg6 21. Kg2 a5 22. a3 axb4 23. axb4 Rfe8 24. Qxd4 Qe7 25. Rxe5 dxe5 26. Qc3 e4 27. dxe4 fxe4 28. Be2 c5 29. bxc5 e3 30. f3 Qxc5 31. Ra5 Qd6 32. Rd5 Qc6 33. Re5 b5 34. Rxb5 Qd7 35. Rd5 Qa7 36. Re5 Rxe5 37. Qxe5 Qa3 38. c5 Qc1 39. Kh3 Bf7 40. Qg5+ Kf8 41. Qh6+ Kg8 42. Bd3 Bb3 43. Qxh7+ Kf8 44. Qf5+ Kg7 45. Qg6+ Kf8 46. c6 Ke7 47. f4 Be6+ 48. f5 Bc8 49. g4 e2 50. Qg7+ Kd8 51. c7+ Qxc7 52. Qxc7+ Kxc7 53. Bxe2 Kd6 54. Kh4 Ke5 55. Kg5 1-0

[Event "Niederoesterreich Landesliga 1617"]
[Site "Austria"]
[Date "2017.03.26"]
[Round "10.2"]
[White "Batyte, Daiva"]
[Black "Zwettler, Martin"]
[Result "1/2-1/2"]
[WhiteElo "2163"]
[BlackElo "2224"]
[PlyCount "26"]
[EventDate "2016.10.02"]
[EventType "team-tourn"]
[EventRounds "11"]
[EventCountry "AUT"]
[SourceTitle "EXT 2018"]
[Source "ChessBase"]
[SourceDate "2017.10.13"]
[SourceVersion "1"]
[SourceVersionDate "2017.10.13"]
[SourceQuality "1"]
[WhiteTeam "Stockerau"]
[BlackTeam "Zwettl"]
[WhiteTeamCountry "AUT"]
[BlackTeamCountry "AUT"]

1. c4 b6 2. e4 Bb7 3. Nc3 e6 4. Nf3 Nf6 5. e5 Ne4 6. Be2 d6 7. Nxe4 Bxe4 8. d3 Bb7 9. 0-0 Nd7 10. d4 Be7 11. Bf4 0-0 12. Rc1 dxe5 13. Nxe5 Nxe5 1/2-1/2

[Event "Niederoesterreich Landesliga 1617"]
[Site "Austria"]
[Date "2017.02.26"]
[Round "8.2"]
[White "Ganaus, Hannes"]
[Black "Zwettler, Martin"]
[Result "1-0"]
[WhiteElo "2303"]
[BlackElo "2224"]
[PlyCount "63"]
[EventDate "2016.10.02"]
[EventType "team-tourn"]
[EventRounds "11"]
[EventCountry "AUT"]
[SourceTitle "EXT 2018"]
[Source "ChessBase"]
[SourceDate "2017.10.13"]
[SourceVersion "1"]
[SourceVersionDate "2017.10.13"]
[SourceQuality "1"]
[WhiteTeam "Baden Invest II"]
[BlackTeam "Zwettl"]
[WhiteTeamCountry "AUT"]
[BlackTeamCountry "AUT"]

1. Nf3 g6 2. d4 Bg7 3. e4 c5 4. d5 d6 5. Nc3 Nf6 6. Bc4 0-0 7. 0-0 Bg4 8. h3 Bxf3 9. Qxf3 Nbd7 10. Qd1 Ne8 11. a4 Nc7 12. Bg5 a6 13. Qd2 Re8 14. Bh6 Bh8 15. f4 Rb8 16. a5 b5 17. axb6 Nxb6 18. Be2 Nd7 19. Nd1 Nf6 20. Bf3 e6 21. dxe6 Rxe6 22. Nf2 Rxb2 23. e5 Nfe8 24. Ne4 d5 25. Nxc5 Rc6 26. Qf2 Qe7 27. Nd3 Rcxc2 28. Qa7 Rb3 29. Bd1 Rxg2+ 30. Kxg2 Rxd3 31. Be2 Rb3 32. Rab1 1-0

[Event "AUT-ch"]
[Site "Feistritz an der Drau"]
[Date "2014.08.25"]
[Round "3"]
[White "Diermair, Andreas"]
[Black "Zwettler, Martin"]
[Result "1-0"]
[WhiteElo "2447"]
[BlackElo "2206"]
[PlyCount "99"]
[EventDate "2014.08.24"]
[EventType "swiss"]
[EventRounds "9"]
[EventCountry "AUT"]
[SourceTitle "CBM 162 Extra"]
[Source "ChessBase"]
[SourceDate "2014.10.17"]
[SourceVersion "1"]
[SourceVersionDate "2014.10.17"]
[SourceQuality "1"]

1. d4 e6 2. c4 b6 3. Nc3 Bb7 4. a3 Nf6 5. Nf3 d5 6. cxd5 exd5 7. g3 Nbd7 8. Bg2 Be7 9. 0-0 0-0 10. Bf4 c6 11. Rc1 Re8 12. Qb3 Nf8 13. Rfd1 Ne6 14. Be5 Rc8 15. Qa4 a6 16. Qb3 b5 17. Bh3 Ra8 18. Bxe6 fxe6 19. Na4 Nd7 20. Nc5 Nxc5 21. dxc5 Bc8 22. Rd4 Bf6 23. Qe3 Kh8 24. h4 Ra7 25. Kg2 Rf7 26. h5 h6 27. Nh4 Bd7 28. Ng6+ Kg8 29. f4 a5 30. g4 a4 31. Rf1 Be7 32. Rd3 Bf6 33. Rf3 Bxe5 34. Qxe5 Qf6 35. Rde3 Rd8 36. g5 hxg5 37. fxg5 Qxe5 38. Nxe5 Rxf3 39. Kxf3 Be8 40. g6 Kf8 41. Rd3 Ke7 42. Kf4 d4 43. e3 dxe3 44. Rxd8 Kxd8 45. Kxe3 Ke7 46. Kf4 Kf6 47. Ng4+ Ke7 48. Ke5 Bd7 49. h6 gxh6 50. Nxh6 1-0

[Event "AUT-ch"]
[Site "Feistritz an der Drau"]
[Date "2014.08.24"]
[Round "2"]
[White "Zwettler, Martin"]
[Black "Poetz, Florian"]
[Result "1-0"]
[WhiteElo "2206"]
[BlackElo "2427"]
[PlyCount "79"]
[EventDate "2014.08.24"]
[EventType "swiss"]
[EventRounds "9"]
[EventCountry "AUT"]
[SourceTitle "CBM 162 Extra"]
[Source "ChessBase"]
[SourceDate "2014.10.17"]
[SourceVersion "1"]
[SourceVersionDate "2014.10.17"]
[SourceQuality "1"]

1. c4 c5 2. Nc3 g6 3. g3 Bg7 4. Bg2 Nc6 5. e4 e6 6. Nge2 Nge7 7. 0-0 0-0 8. d3 a6 9. Be3 Nd4 10. Qd2 Rb8 11. Bh6 d6 12. Bxg7 Kxg7 13. Nxd4 cxd4 14. Ne2 e5 15. f4 f5 16. Rae1 Be6 17. b3 Qd7 18. Kh1 b5 19. c5 dxc5 20. fxe5 fxe4 21. Bxe4 Nf5 22. Nf4 Ne3 23. Rxe3 dxe3 24. Qxe3 Bf5 25. Qxc5 Bxe4+ 26. dxe4 Kg8 27. e6 Qg7 28. Rd1 Qf6 29. h4 Rbe8 30. Kg2 Kh8 31. Qd4 Qxd4 32. Rxd4 Rc8 33. Rd7 Kg8 34. Nd5 Rce8 35. Nc7 Rb8 36. Nxa6 Rbc8 37. Nc7 Rb8 38. e7 Rfc8 39. e5 b4 40. e6 1-0

[Event "Semriach op 12th"]
[Site "Semriach"]
[Date "2013.04.29"]
[Round "3"]
[White "Uksini, Bardhyl"]
[Black "Zwettler, Martin"]
[Result "1/2-1/2"]
[WhiteElo "1938"]
[BlackElo "2201"]
[PlyCount "49"]
[EventDate "2013.04.27"]
[EventType "swiss"]
[EventRounds "5"]
[EventCountry "AUT"]
[SourceTitle "CBM 154 Extra"]
[Source "ChessBase"]
[SourceDate "2013.06.25"]
[SourceVersion "2"]
[SourceVersionDate "2013.06.25"]
[SourceQuality "1"]

1. d4 g6 2. c4 Bg7 3. Nc3 d6 4. e4 e5 5. d5 f5 6. Bd3 Nf6 7. Qc2 fxe4 8. Nxe4 Nxe4 9. Bxe4 Na6 10. Be3 Qf6 11. Nf3 Nc5 12. Bxc5 dxc5 13. 0-0 0-0 14. Rfe1 Bg4 15. Qd3 Bxf3 16. Qxf3 Qxf3 17. Bxf3 Rf4 18. Be4 Bf8 19. Re2 Bd6 20. g3 Rf6 21. Kg2 Kg7 22. h4 h6 23. f3 a5 24. Rc1 Raf8 25. Rf1 1/2-1/2

[Event "Semriach op 11th"]
[Site "Semriach"]
[Date "2012.04.27"]
[Round "1.5"]
[White "Lechner, Marcus"]
[Black "Zwettler, Martin"]
[Result "0-1"]
[WhiteElo "1968"]
[BlackElo "2175"]
[PlyCount "84"]
[EventDate "2012.04.27"]
[EventType "swiss"]
[EventRounds "5"]
[EventCountry "AUT"]
[SourceTitle "EXT 2024"]
[Source "ChessBase"]
[SourceDate "2023.10.10"]
[SourceVersion "1"]
[SourceVersionDate "2023.10.10"]
[SourceQuality "1"]

1. e4 c5 2. Nf3 g6 3. d4 cxd4 4. Nxd4 Nc6 5. c4 Nf6 6. Nc3 d6 7. Be2 Bg7 8. Be3 0-0 9. 0-0 Bd7 10. Kh1 Nxd4 11. Bxd4 Bc6 12. f3 Nd7 13. Bxg7 Kxg7 14. f4 Qb6 15. b3 Nf6 16. Qd3 Rac8 17. Rad1 Rfd8 18. Bf3 a6 19. Rc1 Qc5 20. Ne2 e5 21. g4 exf4 22. Nxf4 Qg5 23. Nd5 Bxd5 24. exd5 Nxg4 25. Bxg4 Qxg4 26. Qc3+ Kg8 27. Qf6 Qd7 28. Rf4 Re8 29. Rcf1 Rc7 30. Qg5 Re5 31. Qg3 f5 32. Qg5 Qe7 33. Qg3 Qg7 34. Qc3 Rce7 35. Qb4 Qf6 36. Qb6 Kg7 37. a4 Re1 38. c5 Rxf1+ 39. Rxf1 dxc5 40. Qxc5 Qe5 41. Rd1 Qe4+ 42. Kg1 Qg4+ 0-1

[Event "Niederoesterreich Landesliga 0910"]
[Site "Austria"]
[Date "2009.12.13"]
[Round "6"]
[White "Zwettler, Martin"]
[Black "Juenger, Heinz"]
[Result "1/2-1/2"]
[WhiteElo "2130"]
[BlackElo "2094"]
[PlyCount "58"]
[EventDate "2009.09.06"]
[EventType "team-tourn"]
[EventRounds "11"]
[EventCountry "AUT"]
[SourceTitle "EXT 2022"]
[Source "ChessBase"]
[SourceDate "2021.10.06"]
[SourceVersion "1"]
[SourceVersionDate "2021.10.06"]
[SourceQuality "1"]

1. c4 Nf6 2. g3 g6 3. Bg2 Bg7 4. Nc3 0-0 5. e4 d6 6. Nge2 c5 7. 0-0 Nc6 8. d3 Ne8 9. Be3 Nd4 10. Qd2 Nc7 11. Bh6 Rb8 12. Bxg7 Kxg7 13. Nxd4 cxd4 14. Ne2 e5 15. f4 f6 16. f5 g5 17. Bf3 Bd7 18. Kf2 Be8 19. h4 h6 20. Rh1 Bf7 21. Rh3 Rh8 22. Rah1 Qd7 23. hxg5 hxg5 24. Rxh8 Rxh8 25. Rxh8 Kxh8 26. Qa5 Na6 27. Nc1 Qc7 28. Qxc7 Nxc7 29. g4 a5 1/2-1/2

[Event "Niederoesterreich Landesliga 0809"]
[Site "Austria"]
[Date "2009.02.22"]
[Round "9"]
[White "Denk, Adolf"]
[Black "Zwettler, Martin"]
[Result "1/2-1/2"]
[WhiteElo "2224"]
[BlackElo "2145"]
[PlyCount "39"]
[EventDate "2008.09.28"]
[EventType "team-tourn"]
[EventRounds "11"]
[EventCountry "AUT"]
[SourceTitle "EXT 2022"]
[Source "ChessBase"]
[SourceDate "2021.10.06"]
[SourceVersion "1"]
[SourceVersionDate "2021.10.06"]
[SourceQuality "1"]

1. c4 g6 2. Nc3 Bg7 3. g3 e5 4. Nf3 d6 5. d3 f5 6. Bg2 Nf6 7. 0-0 0-0 8. Re1 a5 9. a3 Nh5 10. Ng5 c6 11. Bd2 h6 12. Nh3 f4 13. Kh1 Be6 14. Ng1 g5 15. Ne4 Na6 16. b4 axb4 17. axb4 d5 18. cxd5 cxd5 19. b5 dxe4 20. bxa6 1/2-1/2

[Event "AUT-chT2O 0607"]
[Site "Austria"]
[Date "2006.10.07"]
[Round "2.4"]
[White "Lipka, Juraj"]
[Black "Zwettler, Martin"]
[Result "1/2-1/2"]
[WhiteElo "2418"]
[BlackElo "2207"]
[PlyCount "69"]
[EventDate "2006.10.06"]
[EventType "team-tourn"]
[EventRounds "11"]
[EventCountry "AUT"]
[SourceTitle "EXT 2007"]
[Source "ChessBase"]
[SourceDate "2006.11.23"]
[SourceVersion "1"]
[SourceVersionDate "2006.11.23"]
[SourceQuality "1"]
[WhiteTeam "Pamhagen"]
[BlackTeam "Zwettl"]
[WhiteTeamCountry "AUT"]
[BlackTeamCountry "AUT"]

1. Nf3 c5 2. c4 g6 3. d4 cxd4 4. Nxd4 Nc6 5. e4 Nf6 6. Nc3 d6 7. f3 Nxd4 8. Qxd4 Bg7 9. Be3 0-0 10. Qd2 a5 11. Be2 a4 12. 0-0 Qa5 13. Rac1 Be6 14. Nd5 Qxd2 15. Bxd2 Bxd5 16. cxd5 Nd7 17. Rc2 Bd4+ 18. Kh1 Rfc8 19. Rfc1 Rxc2 20. Rxc2 Nc5 21. Bc1 Bf6 22. g4 Kf8 23. g5 Bg7 24. Rc4 Ke8 25. Kg2 Kd7 26. f4 h6 27. gxh6 Bxh6 28. Be3 Bg7 29. Rb4 Kc7 30. h3 b6 31. Bb5 Ra5 32. Bc6 a3 33. b3 f5 34. exf5 gxf5 35. Rc4 1/2-1/2